<?xml version="1.0" encoding="UTF-8"?>
<record
    xmlns:xsi="http://www.w3.org/2001/XMLSchema-instance"
    xsi:schemaLocation="http://www.loc.gov/MARC21/slim http://www.loc.gov/standards/marcxml/schema/MARC21slim.xsd"
    xmlns="http://www.loc.gov/MARC21/slim">

  <leader>01046aab a2200205 i 4500</leader>
  <controlfield tag="001">768714001</controlfield>
  <controlfield tag="003">CO-MdFUSB</controlfield>
  <controlfield tag="005">20250820165851.0</controlfield>
  <controlfield tag="008">220824s1996    ck ||||| |||| 00| 0 spa d</controlfield>
  <datafield tag="040" ind1=" " ind2=" ">
    <subfield code="b">spa</subfield>
    <subfield code="c">CO-MdFUSB</subfield>
    <subfield code="d">CO-MdFUSB</subfield>
  </datafield>
  <datafield tag="041" ind1=" " ind2=" ">
    <subfield code="a">spa</subfield>
  </datafield>
  <datafield tag="100" ind1="1" ind2=" ">
    <subfield code="a">Uzbeko, Uz&#xED;as</subfield>
    <subfield code="e">autor</subfield>
  </datafield>
  <datafield tag="245" ind1="1" ind2="0">
    <subfield code="a">Cualquier oficio es bueno para Dios</subfield>
    <subfield code="b">/ Uz&#xED;as Uzbeko</subfield>
  </datafield>
  <datafield tag="300" ind1=" " ind2=" ">
    <subfield code="a">Volumen 18, n&#xFA;mero 3 (julio - septiembre, 1999), p&#xE1;gina: 14</subfield>
    <subfield code="c">; 27 cm</subfield>
  </datafield>
  <datafield tag="520" ind1=" " ind2=" ">
    <subfield code="a">Una vez m&#xE1;s la palabra de Dios se hace carne en uno de sus hijos. El mismo que llam&#xF3; se encarga de perfeccionar, fortalecer y establecer a los que son llamados. Cualquier cosa que est&#xE9; en tu mano sirve para ofrecerla a Dios y &#xE9;l, con total certeza, la usar&#xE1; para su gloria. Para Dios, tanto t&#xFA; mismo como tu decisi&#xF3;n  de servir son herramientas para usar en un lugar de la tierra.</subfield>
  </datafield>
  <datafield tag="650" ind1=" " ind2="0">
    <subfield code="9">362</subfield>
    <subfield code="a">Evangelizaci&#xF3;n</subfield>
  </datafield>
  <datafield tag="773" ind1="0" ind2=" ">
    <subfield code="t">Iglesia y Misi&#xF3;n</subfield>
    <subfield code="0">49402</subfield>
    <subfield code="9">59631</subfield>
    <subfield code="g">Volumen 18, n&#xFA;mero 3 (julio - septiembre, 1999), p&#xE1;gina: 14</subfield>
    <subfield code="q">p&#xE1;gina: 14</subfield>
  </datafield>
  <datafield tag="942" ind1=" " ind2=" ">
    <subfield code="c">ANA</subfield>
  </datafield>
  <datafield tag="945" ind1=" " ind2=" ">
    <subfield code="a">JTF-925</subfield>
  </datafield>
  <datafield tag="999" ind1=" " ind2=" ">
    <subfield code="c">52402</subfield>
    <subfield code="d">52402</subfield>
  </datafield>
</record>
